Statistics for EFL League One Clubs by Badges

Click here to take the quiz!

General Stats

  • This quiz has been taken 33 times
    (19 since last reset)
  • The average score is 19 of 24

Answer Stats

Answer % Correct
{Charlton} Athletic
100%
Sunderland
100%
Portsmouth
100%
{Wigan} Athletic
100%
{Hull} City
100%
{Ipswich} Town
100%
{Doncaster} Rovers
91%
{Oxford} United
91%
{Bristol} Rovers
91%
{Plymouth} {Argyle}
91%
Wimbledon
82%
{Swindon} Town
82%
{Lincoln} City
82%
{Fleetwood} Town
73%
Blackpool
73%
Gillingham
73%
{Burton} {Albion}
73%
{Peterborough} United
64%
Rochdale
64%
{Crewe} {Alexandra}
64%
{Milton} {Keynes} {Dons}
64%
{Northampton} Town
64%
{Accrington} {Stanley}
45%
{Shrewsbury} Town
45%

Score Distribution

Percentile by Number Answered

Percent of People with Each Score

Your Score History

You have not taken this quiz since the last reset